Supernatural Trivia- True Fans Only Quiz Stats

 Plays Quiz not verified by Sporcle

Score 0/37 Timer 10:00
0 Plays Today
% Correct
Sam Winchester
90.9%
Sam when high on demon blood
90.5%
Dean Winchester
89.2%
Jimmy Novak
76.6%
Ruby's knife
74.7%
Colt
69.7%
Shotgun
66.7%
Adam Milligan
66.2%
Rock salt
65.1%
Mystery Spot
64.1%
Changing Channels
60.7%
Tall Tales
60.2%
Itching powder in Sam's pants
57.3%
John Winchester
51.4%
Nick
50.7%
Hammer of the Gods
50%
Spoon in Sam's mouth
49.8%
KAZ 2Y5
45.5%
Holy water
39.9%
% Correct
Superglue Dean's hand to beer bottle
38%
Sam messes with the car
36.1%
Iron
33.7%
Claire Novak
31.8%
Fire
29.6%
Fish in backseat of Ed and Harry's car
28.5%
Devil's trap
25.6%
Exorcism (Latin)
20.4%
Stake
17.9%
Holy oil
17.3%
Sam pretends to be a producer and calls Ed and Harry
16.9%
Angel blades
13.5%
Donnie Finnerman
9.1%
RMD 5H2
6.9%
BQN 9R3
6.8%
Hex bags
6.5%
CNK 08Q3
5.6%
Enochian sigil
4.7%

You're not logged in!

Compare scores with friends on all Sporcle quizzes.
OR
Log In

Show Comments

Extras

Created Oct 17, 2010ReportNominate
Tags:supernatural

Top Quizzes Today


Score Distribution

Your Account Isn't Verified!

In order to create a playlist on Sporcle, you need to verify the email address you used during registration. Go to your Sporcle Settings to finish the process.

Report this User

Report this user for behavior that violates our Community Guidelines.

Details: